[Event "Game"]
[Site "http://www.queenalice.com/game.php?id=71991"]
[Date "2006.5.26"]
[Round "-"]
[White "gouvea"]
[Black "Chalk"]
[Result "1-0"]
[WhiteElo "1779"]
[BlackElo "1246"]

1. e4 e5 2. Nf3 Nc6 3. Bc4 Nf6 4. d3 a6 5. Ng5 Be7 6. Nxf7 Bb4+ 7. c3 Qe7 8.
Nxh8 b5 9. Bb3 Bc5 10. Nf7 Na5 11. O-O d6 12. Ng5 h6 13. Nf3 Be6 14. Bxe6 Qxe6
15. d4 exd4 16. e5 dxe5 17. Nxe5 1-0

[Event "AUTO-ADV-121"]
[Site "http://www.queenalice.com/game.php?id=73588"]
[Date "2006.6.1"]
[Round "2"]
[White "Mayaune"]
[Black "gouvea"]
[Result "1-0"]
[WhiteElo "1726"]
[BlackElo "1770"]

1. e4 e5 2. Nf3 Nc6 3. c3 Bc5 4. Qc2 Nf6 5. Bc4 Na5 6. Nxe5 Qe7 7. d4 Nxc4 8.
Nxc4 Nxe4 9. Ne3 Bb6 10. O-O O-O 11. Re1 d5 12. Nxd5 Qd7 13. Qxe4 Re8 14. Qxe8+
1-0

[Event "AUTO-ADV-121"]
[Site "http://www.queenalice.com/game.php?id=73589"]
[Date "2006.6.1"]
[Round "2"]
[White "gouvea"]
[Black "Mayaune"]
[Result "1-0"]
[WhiteElo "1754"]
[BlackElo "1688"]

1. e4 e5 2. Nf3 Nc6 3. Bb5 Nce7 4. Nxe5 c6 5. Ba4 Nf6 6. d3 Qa5+ 7. Nc3 d6 8.
Nf3 Bg4 9. h3 Bh5 10. Bb3 d5 11. Bd2 Qc7 12. g4 Bg6 13. e5 Nd7 14. d4 b5 15. O-O
Qb6 16. Ne2 Be4 17. Nf4 Bxf3 18. Qxf3 Qxd4 19. Bc3 Nxe5 20. Qg3 Qe4 21. Rfe1
Nf3+ 22. Kf1 Nxe1 23. Rxe1 Qh1+ 24. Ke2 Qxe1+ 25. Kxe1 a5 26. a3 a4 27. Ba2 Rd8
28. Qe3 Kd7 29. Kf1 Nc8 30. Nh5 Re8 31. Qf3 f6 32. Qf5+ Kc7 33. Ba5+ Kd6 34.
Qf4+ Re5 35. Bc3 1-0

[Event "AUTO-ADV-121"]
[Site "http://www.queenalice.com/game.php?id=73592"]
[Date "2006.6.1"]
[Round "2"]
[White "Cesar"]
[Black "gouvea"]
[Result "0-1"]
[WhiteElo "1673"]
[BlackElo "1767"]

1. e4 e5 2. Nf3 Nc6 3. Bc4 Nf6 4. Qe2 Bc5 5. Bxf7+ Kxf7 6. Qc4+ d5 7. Qxc5 Nxe4
8. Qe3 Rf8 9. d3 d4 10. Qxe4 Kg8 11. Bg5 Qd6 12. O-O h6 13. Nbd2 Bf5 14. Qh4
hxg5 15. Qxg5 Bh7 16. Nc4 Qd5 17. Ncxe5 Rf5 18. Qg3 Nxe5 19. Nxe5 Rxe5 20. f4
Re3 21. Qf2 Rae8 22. g4 Re2 23. Qg3 R8e3 24. Rae1 Rxg3+ 25. hxg3 Qg2# 0-1

[Event "AUTO-ADV-121"]
[Site "http://www.queenalice.com/game.php?id=73593"]
[Date "2006.6.1"]
[Round "2"]
[White "gouvea"]
[Black "Cesar"]
[Result "1-0"]
[WhiteElo "1779"]
[BlackElo "1634"]

1. e4 g6 2. Nf3 c5 3. c3 Bg7 4. d4 d6 5. Bb5+ Bd7 6. Bc4 Nc6 7. Ng5 e6 8. Qf3
Qf6 9. Qxf6 Nxf6 10. d5 Ne5 11. dxe6 fxe6 12. Bxe6 h6 13. Bxd7+ Nexd7 14. Ne6
Kf7 15. Nxg7 Kxg7 16. f3 Rhe8 17. O-O Ne5 18. Bf4 g5 19. Bg3 Nh5 20. Bxe5+ Rxe5
21. Nd2 b5 22. Rad1 Rd8 23. c4 b4 24. g3 Nf6 25. Kh1 a5 26. Rg1 g4 27. f4 Nxe4
28. fxe5 Nf2+ 29. Kg2 Nxd1 30. Rxd1 dxe5 31. Kf2 e4 32. Ke3 Kf6 33. Kf4 Rd4 34.
Nxe4+ Ke6 35. Rxd4 cxd4 36. Kxg4 Ke5 37. Kf3 h5 38. c5 Kd5 39. h3 a4 40. g4
hxg4+ 41. hxg4 b3 42. axb3 axb3 43. g5 Kc4 44. g6 Kd3 45. g7 Kc2 46. g8=Q Kxb2
47. Qc4 Ka2 48. Qxd4 b2 49. Qa4+ Kb1 50. Nc3+ 1-0

[Event "AUTO-ADV-121"]
[Site "http://www.queenalice.com/game.php?id=73594"]
[Date "2006.6.1"]
[Round "2"]
[White "Orso"]
[Black "gouvea"]
[Result "1-0"]
[WhiteElo "2131"]
[BlackElo "1787"]

1. d4 d5 2. Nf3 Nc6 3. Bf4 Bg4 4. e3 Nf6 5. Be2 e6 6. Nbd2 Bb4 7. c3 Ba5 8. O-O
O-O 9. h3 Bh5 10. a4 a6 11. Ne5 Bxe2 12. Qxe2 Nxe5 13. dxe5 Nd7 14. e4 Re8 15.
Qg4 c6 16. Bh6 g6 17. Qg3 Bc7 18. f4 f6 19. exf6 Nxf6 20. Bg5 dxe4 21. Qe1 e3
22. Ne4 Rf8 23. Rd1 Qe7 24. Bxf6 Rxf6 25. Rd7 Qf8 26. Nxf6+ Qxf6 27. Rxc7 b5 28.
Qxe3 bxa4 29. Rxc6 a5 30. Qxe6+ Qxe6 31. Rxe6 Rb8 32. Rf2 a3 33. bxa3 Rb3 34. c4
Rxa3 35. Rc2 Ra1+ 36. Kf2 a4 37. c5 a3 38. Ree2 1-0

[Event "AUTO-ADV-121"]
[Site "http://www.queenalice.com/game.php?id=73595"]
[Date "2006.6.1"]
[Round "2"]
[White "gouvea"]
[Black "Orso"]
[Result "0-1"]
[WhiteElo "1789"]
[BlackElo "2140"]

1. e4 Nf6 2. e5 Nd5 3. Nf3 d6 4. d4 Bg4 5. h3 Bxf3 6. Qxf3 dxe5 7. dxe5 e6 8. c3
Nd7 9. Bf4 Qh4 10. Bg3 Qg5 11. Bc4 Nxe5 12. Bxe5 Qxe5+ 13. Be2 O-O-O 14. O-O h5
15. Nd2 Nxc3 16. Bd3 Bd6 17. g3 Nd5 18. Nc4 Qf6 19. Qd1 h4 20. Kh2 hxg3+ 21.
fxg3 Bxg3+ 22. Kxg3 Qh4+ 23. Kf3 Qxh3+ 24. Ke2 Qg2+ 25. Ke1 Nb4 26. Rf2 Rh1+ 27.
Ke2 Qg4+ 0-1

[Event "Challenge"]
[Site "http://www.queenalice.com/game.php?id=83232"]
[Date "2006.7.6"]
[Round "-"]
[White "Dimitrievski"]
[Black "gouvea"]
[Result "1-0"]
[WhiteElo "1668"]
[BlackElo "1685"]

1. e4 e5 2. Nf3 Nc6 3. Bb5 a6 4. Ba4 b5 5. Bb3 Nf6 6. Ng5 d5 7. exd5 Nxd5 8.
Nxf7 Kxf7 9. Qf3+ Ke6 10. Nc3 Ne7 11. d4 Qd6 12. Ne4 Qc6 13. c4 bxc4 14. Ba4 Qb6
15. Ng5+ Kd6 16. Nf7+ Ke6 17. Nd8+ Kd6 18. dxe5+ Kxe5 19. Qg3+ Kf5 20. Bc2+ Kf6
21. Qg5# 1-0

[Event "Challenge"]
[Site "http://www.queenalice.com/game.php?id=84187"]
[Date "2006.7.9"]
[Round "-"]
[White "gouvea"]
[Black "ENDHER"]
[Result "0-1"]
[WhiteElo "1781"]
[BlackElo "2282"]

1. e4 e5 2. Nf3 Nc6 3. Bc4 Nf6 4. d3 Bc5 5. Bg5 d6 6. h3 O-O 7. O-O h6 8. Bh4
Be6 9. Bb5 a6 10. Bxc6 bxc6 11. c3 d5 12. exd5 Bxd5 13. Nxe5 Qd6 14. d4 Bb6 15.
b4 a5 16. c4 Qxb4 17. Bxf6 gxf6 18. Qg4+ Kh8 19. a3 Qb2 20. Nd2 Rg8 21. Nxf7+
Bxf7 22. Qf4 Rg6 23. Rfb1 Qc3 24. c5 Qxh3 25. g3 Bd5 26. Nf3 Rag8 27. cxb6 Bxf3
28. Qxf3 Rxg3+ 29. fxg3 Rxg3+ 30. Qxg3 Qxg3+ 31. Kf1 cxb6 32. Re1 Qf4+ 33. Kg1
Qxd4+ 34. Kf1 b5 35. Rad1 Qc4+ 36. Kg1 Qc5+ 37. Kf1 Qxa3 38. Ra1 Qf3+ 39. Kg1 a4
40. Rf1 Qe4 41. Rae1 Qh4 42. Rd1 a3 0-1

[Event "Challenge"]
[Site "http://www.queenalice.com/game.php?id=86459"]
[Date "2006.7.16"]
[Round "-"]
[White "gouvea"]
[Black "VICSAR"]
[Result "0-1"]
[WhiteElo "1717"]
[BlackElo "1668"]

1. d4 d6 2. e4 c6 3. Nf3 g6 4. Bc4 e6 5. O-O Bg7 6. d5 c5 7. Nc3 Bd7 8. dxe6
Bxe6 9. Bb5+ Nd7 10. Qe2 a6 11. Bxd7+ Qxd7 12. Qe3 Nf6 13. e5 dxe5 14. Nxe5 Qc7
15. Re1 O-O 16. Nxf7 Bxf7 17. f3 Rfe8 18. Qf2 Nd7 19. Be3 b6 20. a3 a5 0-1

[Event "Challenge"]
[Site "http://www.queenalice.com/game.php?id=87420"]
[Date "2006.7.19"]
[Round "-"]
[White "gouvea"]
[Black "charles31"]
[Result "0-1"]
[WhiteElo "1774"]
[BlackElo "1659"]

1. e4 e5 2. Nf3 d6 3. Bc4 Qf6 4. O-O Be7 5. Nc3 Qg6 6. d3 Bh3 7. Bxf7+ Kxf7 8.
g3 Nf6 9. Re1 Ng4 10. Nd5 Nc6 11. Nxc7 Rac8 12. Nd5 h5 13. c3 Nf6 14. Ng5+ Ke8
15. Nxh3 h4 16. Nxe7 Kxe7 17. Bg5 hxg3 18. fxg3 Rxh3 19. Bxf6+ Qxf6 20. Rf1 Qh6
21. Rf2 Rh8 22. Qe2 Rxg3+ 23. Kh1 Qh3 24. Raf1 Kd7 25. Rf7+ Ne7 26. d4 Rd3 27.
dxe5 dxe5 28. Rxg7 Kd8 29. Rgf7 Re3 30. Rd1+ Ke8 31. Rd7 Qxd7 32. Qxe3 Kxf7 33.
Qf3+ Ke8 0-1

[Event "Challenge"]
[Site "http://www.queenalice.com/game.php?id=87736"]
[Date "2006.7.20"]
[Round "-"]
[White "gouvea"]
[Black "jimwilson"]
[Result "0-1"]
[WhiteElo "1785"]
[BlackElo "1922"]

1. e4 d5 2. e5 Bf5 3. Nf3 e6 4. d4 c5 5. Bb5+ Nc6 6. Nc3 a6 7. Bxc6+ bxc6 8. O-O
Bg4 9. Be3 Rb8 10. b3 cxd4 11. Bxd4 c5 12. Be3 d4 13. Bg5 Be7 14. Bxe7 Nxe7 15.
Ne4 Ng6 16. Nxc5 Nxe5 17. Nxa6 Qf6 18. Re1 Nxf3+ 19. gxf3 Bxf3 20. Qxf3 Qxf3 21.
Nxb8 Qb7 22. Red1 e5 0-1

[Event "Challenge"]
[Site "http://www.queenalice.com/game.php?id=87737"]
[Date "2006.7.20"]
[Round "-"]
[White "gouvea"]
[Black "rosie1940"]
[Result "0-1"]
[WhiteElo "1753"]
[BlackElo "1667"]

1. e4 e5 2. Nf3 Nc6 3. Nc3 Nf6 4. Bc4 Nxe4 5. Nxe4 d5 6. Bxd5 Qxd5 7. d3 Bg4 8.
h3 Bh5 9. c4 Bb4+ 10. Kf1 O-O-O 11. cxd5 Rxd5 12. g4 Bg6 13. a3 Ba5 14. b4 Bb6
15. Be3 Bxe4 16. Kg2 Rxd3 17. Qe1 Rhd8 18. Rd1 Rxd1 19. Qc3 Bxf3+ 20. Kxf3 Rxh1
21. b5 Nd4+ 22. Bxd4 Rxh3+ 23. Kg2 Rxc3 24. Bxc3 f6 0-1

[Event "Challenge"]
[Site "http://www.queenalice.com/game.php?id=87783"]
[Date "2006.7.20"]
[Round "-"]
[White "gouvea"]
[Black "Zoraida"]
[Result "0-1"]
[WhiteElo "1699"]
[BlackElo "1749"]

1. e4 e5 2. Nf3 Nc6 3. Nc3 Nf6 4. Bb5 d6 5. O-O Bd7 6. Bc4 h6 7. d3 Be7 8. d4
exd4 9. Nxd4 O-O 10. f4 a6 11. Qd3 Nb4 12. Qg3 c5 13. a3 cxd4 14. axb4 dxc3 15.
bxc3 Nxe4 16. Qe3 Nf6 17. Bd3 b5 18. Qg3 Nh5 19. Qf2 Qc7 20. Bd2 d5 21. Kh1 Nf6
22. f5 Bd6 23. h3 Rfe8 24. Qh4 Bc6 25. Bxh6 gxh6 26. Qxf6 Kh7 27. Qh4 Bf8 28.
f6+ Kh8 29. Rf5 Re5 30. Raf1 Rae8 31. Rh5 Rxh5 32. Qxh5 Re5 33. Qh4 Qb7 34. Qf4
Rg5 0-1

[Event "Challenge"]
[Site "http://www.queenalice.com/game.php?id=87815"]
[Date "2006.7.20"]
[Round "-"]
[White "rosie1940"]
[Black "gouvea"]
[Result "1-0"]
[WhiteElo "1698"]
[BlackElo "1734"]

1. e4 e5 2. f4 Nc6 3. Nf3 d6 4. Nc3 Nf6 5. Bb5 Bg4 6. O-O a6 7. Bxc6+ bxc6 8. d4
exd4 9. Qxd4 Bxf3 10. Rxf3 c5 11. Qa4+ Nd7 12. e5 d5 13. Nxd5 c6 14. Qxc6 Be7
15. Nc7+ Kf8 16. Nxa8 Nb8 17. Qe4 Nd7 18. Rd3 Qc8 19. Qd5 Ke8 20. Be3 f6 21. e6
Nf8 22. f5 g6 23. Nb6 Qb7 24. Qxb7 1-0

[Event "Challenge"]
[Site "http://www.queenalice.com/game.php?id=91224"]
[Date "2006.7.31"]
[Round "-"]
[White "clara_ca"]
[Black "gouvea"]
[Result "1-0"]
[WhiteElo "1078"]
[BlackElo "1753"]

1. e4 e5 2. Nf3 Nc6 3. Nc3 Bc5 4. Qe2 Nf6 5. d4 Nxd4 6. Qe3 Nxc2+ 7. Kd2 Nxe3 8.
fxe3 Bb4 9. Nxe5 Nxe4+ 10. Kd3 Nf2+ 11. Ke2 Nxh1 12. Ke1 Qf6 13. Nf3 O-O 14. a3
1-0

[Event "TRA-II rodada 2"]
[Site "http://www.queenalice.com/game.php?id=94001"]
[Date "2006.8.8"]
[Round "-"]
[White "mhemzo"]
[Black "gouvea"]
[Result "1-0"]
[WhiteElo "1087"]
[BlackElo "1679"]

1. e4 e5 2. f4 Nc6 3. Nf3 d6 4. Bb5 a6 5. Bxc6+ bxc6 6. d3 d5 7. exd5 cxd5 8.
fxe5 Qe7 9. O-O Bg4 10. Nc3 d4 11. Ne4 O-O-O 12. h3 Bh5 13. Qe1 Bxf3 14. Rxf3
Qxe5 15. Rxf7 Bd6 16. Bf4 Qe6 17. Nxd6+ Rxd6 18. Rf8+ 1-0

[Event "TRA-II rodada 2"]
[Site "http://www.queenalice.com/game.php?id=94002"]
[Date "2006.8.8"]
[Round "-"]
[White "mhemzo"]
[Black "gouvea"]
[Result "1-0"]
[WhiteElo "1087"]
[BlackElo "1685"]

1. d4 d5 2. c4 Nf6 3. Nf3 Bf5 4. cxd5 Nxd5 5. Nbd2 Nf6 6. Qb3 b6 7. e4 Bxe4 8.
Nxe4 Nxe4 9. Ne5 e6 10. Bb5+ Nd7 11. Bxd7+ Qxd7 12. Nxd7 Kxd7 13. d5 Re8 14. O-O
Kc8 15. Qa4 Bc5 16. Qxe4 1-0

[Event "TRA-II-r2-j3-c"]
[Site "http://www.queenalice.com/game.php?id=94059"]
[Date "2006.8.9"]
[Round "-"]
[White "gouvea"]
[Black "mhemzo"]
[Result "0-1"]
[WhiteElo "1679"]
[BlackElo "1087"]

1. e4 c5 2. Nf3 d6 3. Bc4 Nf6 4. d3 e6 5. Bg5 Be7 6. O-O O-O 7. Nc3 h6 8. Bh4
Nc6 9. Qe2 Nh5 10. Bxe7 Qxe7 11. Bb5 Nf4 12. Qd2 e5 13. g3 Nd4 14. Nxd4 cxd4 15.
Ne2 Nxe2+ 16. Qxe2 Bh3 17. Rfe1 a6 0-1